000 01671cam a2200337 a 4500
003 EG-GiCUC
005 20250223030935.0
008 140218s2013 ua dh f m 000 0 eng d
040 _aEG-GiCUC
_beng
_cEG-GiCUC
041 0 _aeng
049 _aDeposite
097 _aM.Sc
099 _aCai01.13.03.M.Sc.2013.Em.M
100 0 _aEman Nabeel Abdallah Marzban
245 1 0 _aMyocardum segmentation using active contour model with optical flow guided evolution /
_cEman Nabeel Abdallah Marzban ; Supervised Bassel S. Tawfik , Ahmed S. Fahmy
246 1 5 _aاستخلاص حدود عضلة القلب من صور الرنين المغناطيسى باستخدام أنموذج الإطار النشط والتتبع الضوئى
260 _aCairo :
_bEman Nabeel Abdallah Marzban ,
_c2013
300 _a105P. :
_bcharts , facsimiles ;
_c30cm
502 _aThesis (M.Sc.) - Cairo University - Faculty of Engineering - Department of Systems and Biomedical Engineering
520 _aCardiovascular diseases (CVD) caused 17.5 million deaths worldwide in 2005 where more than 80 percent of the deaths occurred in low and middle income countries . In the World Health Organization (WHO) report published in 2011, CVD in Egypt was reported the first death - causing disease and reached 39% of total deaths
530 _aIssued also as CD
653 4 _aActive contour models
653 4 _aMRI
653 4 _aOptical flow
700 0 _aAhmed Samir Fahmy ,
_eSupervisor
700 0 _aBassel Mohamed Sobhy Tawfik ,
_eSupervisor
856 _uhttp://172.23.153.220/th.pdf
905 _aNazla
_eRevisor
905 _aSoheir
_eCataloger
942 _2ddc
_cTH
999 _c45144
_d45144